ETHICS AND BUSINESS AN INTRODUCTION (Record no. 13380)

MARC details
000 -LEADER
fixed length control field 00328nam a2200133Ia 4500
008 - FIXED-LENGTH DATA ELEMENTS--GENERAL INFORMATION
fixed length control field 240624s9999 xx 000 0 und d
041 ## - LANGUAGE CODE
Language code of text/sound track or separate title eng
082 ## - DEWEY DECIMAL CLASSIFICATION NUMBER
Classification number 174.4 GIB
100 ## - MAIN ENTRY--PERSONAL NAME
Personal name GIBSON KEVIN
245 ## - TITLE STATEMENT
Title ETHICS AND BUSINESS AN INTRODUCTION
260 ## - PUBLICATION, DISTRIBUTION, ETC.
Date of publication, distribution, etc. 2007
Place of publication, distribution, etc. University Press,2007
300 ## - PHYSICAL DESCRIPTION
Extent 274 : p.
365 ## - TRADE PRICE
Currency code BPS
Price amount 30
Holdings
Withdrawn status Lost status Damaged status Not for loan Home library Current library Shelving location Date acquired Source of acquisition Cost, normal purchase price Total Holds Full call number Barcode Date last seen Copy number Price effective from Koha item type
Store Books       IMTN IMTN Rack 4-A 06/22/2009 BWE 16.99 1333 174.4 GIB 13380 06/24/2024 74.8 06/24/2024 Books
Designed & Maintained by: LRC IMT Nagpur Contact: lrc@imtnag.ac.in© 2024. All Rights Reserved.